Historia política de las dos Españas
Spremljeno u:
| Glavni autor: | |
|---|---|
| Format: | Knjiga |
| Jezik: | španjolski |
| Izdano: |
Madrid, España
Nacional
1976
|
| Izdanje: | Segunda edición |
| Serija: | España en 3 Tiempos
|
| Teme: | |
| Oznake: |
Dodaj oznaku
Bez oznaka, Budi prvi tko označuje ovaj zapis!
|
MARC
| LEADER | 00000nam a2200000 a 4500 | ||
|---|---|---|---|
| 001 | UCP6430 | ||
| 003 | CL-VaPUC | ||
| 005 | 20241121130328.0 | ||
| 008 | 991022e19760000SP |||||||||||||||||spa|d | ||
| 999 | |c 284017 |d 284015 | ||
| 040 | |c Pontificia Universidad Católica de Valparaíso | ||
| 082 | 0 | 4 | |a 320.0946 GAR 1976 |2 21 |
| 100 | |a García Escudero, José María |e author |9 523385 | ||
| 245 | 1 | 0 | |a Historia política de las dos Españas |
| 250 | |a Segunda edición | ||
| 260 | |a Madrid, España |b Nacional |c 1976 | ||
| 300 | |a 4 volúmenes | ||
| 490 | 0 | |a España en 3 Tiempos | |
| 583 | |a last modification |c 20180226 01:09:24 |k Rodrigo Vera | ||
| 600 | 0 | 7 | |a ALFONSO XIII |2 CL-VaPUC |9 388206 |
| 600 | 0 | 7 | |a FERNANDO VII |2 CL-VaPUC |9 402061 |z ESPAÑA |
| 600 | 0 | 7 | |a FRANCO, FRANCISCO |2 CL-VaPUC |9 313492 |z ESPAÑA |
| 650 | 0 | |a Historia política |z ESPAÑA |9 256974 | |
| 650 | 0 | |a Política y gobierno |y SIGLOS 19-20 |z ESPAÑA |9 255151 | |
| 650 | 7 | |a MONARQUIA ESPAÑOLA |2 CL-VaPUC |9 435585 | |
| 650 | 0 | |a Partidos políticos |z ESPAÑA |9 254999 | |
| 650 | 0 | |a Guerra civil española |9 331803 | |
| 852 | |a BIBCUR | ||
| 942 | |c BK |2 ddc | ||
| 945 | |d 19991022 00:00:00 |a crobeson | ||
| 952 | |0 0 |1 0 |2 ddc |4 0 |6 320_094600000000000_GAR_1976 |7 0 |8 A |9 327617 |a BIBHIS |b BIBHIS |d 2019-11-20 |h v.1 |i 1370316 |o 320.0946 GAR 1976 |p 1370316 |r 2025-01-20 |t 1 |w 2019-11-20 |y BK |k HIS | ||
| 952 | |0 0 |1 0 |2 ddc |4 0 |6 320_094600000000000_GAR_1976 |7 0 |8 A |9 327618 |a BIBHIS |b BIBHIS |d 2019-11-20 |h v.2 |i 1370324 |o 320.0946 GAR 1976 |p 1370324 |r 2025-01-20 |t 1 |w 2019-11-20 |y BK |k HIS | ||
| 952 | |0 0 |1 0 |2 ddc |4 0 |6 320_094600000000000_GAR_1976 |7 0 |8 A |9 327619 |a BIBHIS |b BIBHIS |d 2019-11-20 |h v.3 |i 1370332 |o 320.0946 GAR 1976 |p 1370332 |r 2025-01-20 |t 1 |w 2019-11-20 |y BK |k HIS | ||
| 952 | |0 0 |1 0 |2 ddc |4 0 |6 320_094600000000000_GAR_1976 |7 0 |8 A |9 327620 |a BIBHIS |b BIBHIS |d 2019-11-20 |h v.4 |i 1370340 |o 320.0946 GAR 1976 |p 1370340 |r 2025-01-20 |t 1 |w 2019-11-20 |y BK |k HIS | ||